000 00802cam a2200241 a 4500
001 3054362
005 20180112051548.0
008 960912s1997 enkab b 001 0 eng
010 _a 96041967
020 _a019285335X (alk. paper)
040 _aDLC
_cDLC
_dDLC
041 _aeng
080 _a190 KEN
082 0 0 _a190 KEN
_220
100 _aFIL
101 _a24
245 1 4 _aThe Oxford illustrated history of Western philosophy /
_cedited by Anthony Kenny.
246 3 0 _aIllustrated history of Western philosophy
504 _aIncludes bibliographical references (p. [379]-391) and index.
906 _a7
_bcbc
_corignew
_d1
_eocip
_f19
_gy-gencatlg
942 _2ddc
_cBK
999 _c40201
_d40201